Dodávky výpočetní techniky a výpočetních prací

Na minha lista:
Detalhes bibliográficos
Autor principal: Bejček, Josef
Outros Autores: Marek, Karel
Formato: Livro
Idioma:tcheco
Publicado em: Praha Státní nakladatelství technické literatury 1990
Edição:1. vyd.
Tags: Adicionar Tag
Sem tags, seja o primeiro a adicionar uma tag!

MARC

LEADER 00000nam a2200000 4500
001 c030008
005 20250520074632.2
041 0 |a cze 
044 |a CZ 
245 1 0 |a Dodávky výpočetní techniky a výpočetních prací  |c Josef Bejček, Karel Marek 
250 |a 1. vyd. 
264 1 |a Praha  |b Státní nakladatelství technické literatury  |c 1990 
300 |a 94 s. 
100 1 |a Bejček, Josef 
700 1 |a Marek, Karel